[Event "Wch U16 Girls"]
[Site "Montesilvano"]
[Date "2023.11.21"]
[Round "8"]
[White "Ahn, Anastasia"]
[Black "Zhanybekova, Begimay"]
[Result "0-1"]
[WhiteElo "1795"]
[BlackElo "1664"]
[PlyCount "102"]
[EventDate "2023.11.13"]
[EventType "swiss"]
[EventRounds "11"]
[EventCountry "ITA"]
[SourceTitle "CB48_2023"]
[SourceDate "2023.11.29"]
[SourceVersion "1"]
[SourceVersionDate "2023.11.29"]
[SourceQuality "1"]

1. d4 Nf6 2. Bf4 g6 3. Nc3 Bg7 4. e4 d6 5. Qd2 h6 6. h4 Nbd7 7. Nf3 c5 8. dxc5 Nxc5 9. e5 dxe5 10. Qxd8+ Kxd8 11. Nxe5 Be6 12. 0-0-0+ Kc8 13. f3 a6 14. Nc4 Ncd7 15. Be3 b5 16. Nb6+ Nxb6 17. Bxb6 Nd7 18. Ba5 Ne5 19. Nd5 Nc6 20. Be1 Kb7 21. Bc3 Bxc3 22. Nxc3 Rhd8 23. Bd3 Rd7 24. Be4 Rad8 25. Rxd7+ Rxd7 26. Rd1 Rxd1+ 27. Kxd1 Kb6 28. Nd5+ Kc5 29. Nc7 Bc8 30. f4 e5 31. fxe5 Nxe5 32. g3 f5 33. Bg2 Nc4 34. Ke2 Nxb2 35. Nd5 Bb7 36. Nf4 Bxg2 37. Nxg2 Kb4 38. Kd2 Ka3 39. Nf4 Nc4+ 40. Kc1 Ne5 41. Kb1 b4 42. Ka1 a5 43. Kb1 Nc4 44. Ne2 Nd2+ 45. Kc1 Ne4 46. Nf4 g5 47. hxg5 hxg5 48. Nh5 Kxa2 49. Kd1 a4 50. Kc1 b3 51. c4 b2+ 0-1

[Event "KGZ-ch (Women)"]
[Site "Bishkek"]
[Date "2023.05.04"]
[Round "7"]
[White "Zhanybekova, Begimay"]
[Black "Zhunusbekova, Aymunzhok"]
[Result "1/2-1/2"]
[WhiteElo "1671"]
[BlackElo "1577"]
[PlyCount "67"]
[EventDate "2023.04.28"]
[EventType "tourn"]
[EventRounds "11"]
[EventCountry "KGZ"]
[SourceTitle "CBM 214 Extra"]
[Source "ChessBase"]
[SourceDate "2023.07.31"]
[SourceVersion "1"]
[SourceVersionDate "2023.07.31"]
[SourceQuality "1"]

1. e4 e6 2. d4 d5 3. Nd2 dxe4 4. Nxe4 Bd7 5. Nf3 Bc6 6. Bd3 Nd7 7. Bf4 Be7 8. 0-0 Bxe4 9. Bxe4 c6 10. c3 Ngf6 11. Bc2 0-0 12. Re1 Qb6 13. Ne5 Rfd8 14. Qe2 Nf8 15. Rad1 Rac8 16. Rd3 Nd5 17. Bc1 c5 18. Rh3 Nf6 19. dxc5 Rxc5 20. Ng4 Rcd5 21. Be3 Qc7 22. Bb3 Nxg4 23. Qxg4 Re5 24. Rd1 Bc5 25. Bxc5 Qxc5 26. Rg3 Rxd1+ 27. Qxd1 Rg5 28. Re3 Re5 29. Rd3 Rf5 30. Re3 Re5 31. Rd3 Rf5 32. Re3 Re5 33. Rd3 Rf5 34. Re3 1/2-1/2

[Event "KGZ-ch (Women)"]
[Site "Bishkek"]
[Date "2023.04.28"]
[Round "1"]
[White "Zhanybekova, Begimay"]
[Black "Abdurahmanova, Ramina"]
[Result "1-0"]
[WhiteElo "1671"]
[BlackElo "1239"]
[PlyCount "90"]
[EventDate "2023.04.28"]
[EventType "tourn"]
[EventRounds "11"]
[EventCountry "KGZ"]
[SourceTitle "CBM 214 Extra"]
[Source "ChessBase"]
[SourceDate "2023.07.31"]
[SourceVersion "1"]
[SourceVersionDate "2023.07.31"]
[SourceQuality "1"]

1. e4 c6 2. d4 d5 3. exd5 cxd5 4. Bd3 Nc6 5. c3 Nf6 6. h3 g6 7. Nf3 Bf5 8. Be2 e6 9. Bf4 Bg7 10. Nbd2 Qb6 11. Qb3 Qxb3 12. axb3 h6 13. b4 g5 14. Bh2 0-0 15. 0-0 a6 16. Nb3 Nd7 17. Na5 Nxa5 18. Rxa5 Nb6 19. Rfa1 Rfc8 20. Bd6 Bf8 21. Bc5 Bxc5 22. dxc5 Nd7 23. Nd4 Bg6 24. c6 bxc6 25. Rxa6 Rxa6 26. Rxa6 Ne5 27. g3 c5 28. bxc5 Rxc5 29. f3 Bd3 30. Ra8+ Kg7 31. Kf2 Bxe2 32. Kxe2 Nc6 33. Nxc6 Rxc6 34. Kd3 Rb6 35. b4 e5 36. Ra5 d4 37. Rxe5 dxc3 38. Kxc3 Rf6 39. Re3 Rc6+ 40. Kd4 Kf6 41. b5 Rc8 42. Kd5 Kg6 43. b6 f5 44. b7 Rf8 45. Rb3 Rd8+ 1-0